000 00689cam a22002053a 4500
001 39883
003 PGUSA
005 20140828083904.0
008 120602s2012||||xxu|||||s|||||000 | eng d
040 _aPGUSA
_beng
042 _adc
100 1 _aBlumenthal, Daniel
245 1 0 _aAlsace-Lorraine :
_bA Study of the Relations of the Two Provinces to France and to Germany and a Presentation of the Just Claims of their People
_h[electronic resource] /
_cDaniel Blumenthal
260 _bProject Gutenberg,
_c2012
506 _aPublic domain in the USA.
516 _aElectronic text
830 0 _aProject Gutenberg
_v39883
856 4 0 _uhttp://www.gutenberg.org/ebooks/39883
942 _cEB
999 _c269136
_d269136